| 000 | 00973nam a2200337Ia 4500 | ||
|---|---|---|---|
| 008 | 170203s9999 xx 000 0 und d | ||
| 020 | _a9780545028424 | ||
| 050 | _aFic | ||
| 050 | _bF528g | ||
| 100 | _aFisch, Sarah. | ||
| 245 | _aGiving thanks / | ||
| 245 | _cby Sarah Fisch ; illustrated by Bob Roper. | ||
| 260 | _aNew York : | ||
| 260 | _bScholastic, | ||
| 260 | _c©2007. | ||
| 300 | _a1 volume (unpaged) : | ||
| 300 | _bcolor illustrations ; | ||
| 300 | _c23 cm. | ||
| 440 | _aClifford's puppy days. | ||
| 500 | _a"Based on the Scholastic book series Clifford the big red dog by Norman Bridwell." | ||
| 650 | _aClifford (Fictitious character : Bridwell) -- | ||
| 650 | _aDogs -- | ||
| 650 | _aPuppies -- | ||
| 650 | _aThanksgiving Day -- | ||
| 650 | _aThanksgiving Day -- | ||
| 650 | _xFiction. | ||
| 650 | _xJuvenile fiction. | ||
| 650 | _xJuvenile fiction. | ||
| 650 | _xJuvenile fiction. | ||
| 650 | _xJuvenile fiction. | ||
| 999 |
_c306354 _d306354 |
||